Denzel Washington Movies Quiz - Statistics

General Stats
  • This quiz has been taken 2,173 times
    1,077 since last reset
  • The average score is 13 of 43
Answer Stats
Year Movie % Correct
2001 Training Day
83%
2004 Man On Fire
64%
2014 The Equalizer
60%
2012 Flight
57%
2007 American Gangster
53%
1989 Glory
53%
1992 Malcolm X
49%
2000 Remember The Titans
49%
2006 Deja Vu
47%
1993 Philadelphia
46%
2002 John Q.
42%
2010 The Book Of Eli
39%
1999 The Hurricane
39%
1999 The Bone Collector
38%
1993 The Pelican Brief
36%
2006 Inside Man
35%
2013 2 Guns
34%
2010 Unstoppable
34%
2009 The Taking Of Pelham 1 2 3
31%
2012 Safe House
29%
1995 Crimson Tide
27%
1998 He Got Game
26%
2003 Out Of Time
23%
1995 Devil In A Blue Dress
21%
1990 Mo' Better Blues
21%
1998 Fallen
20%
2004 The Manchurian Candidate
20%
1996 Courage Under Fire
17%
2007 The Great Debaters
16%
1996 The Preacher's Wife
16%
1995 Virtuosity
16%
2002 Antwone Fisher
14%
1991 Ricochet
14%
1998 The Siege
14%
1989 The Mighty Quinn
13%
1992 Mississippi Masala
12%
1987 Cry Freedom
11%
1993 Much Ado About Nothing
11%
1981 Carbon Copy
9%
1984 A Soldier's Story
8%
1990 Heart Condition
7%
1986 Power
7%
1989 For Queen & Country
6%
No matching quizzes found
Score Distribution
Percent of People with Each Score
Percentile by Number Answered
Your Score History
You have not taken this quiz since the last reset